000 00420nam a2200169Ia 4500
008 221030s9999 xx 000 0 und d
020 _a8126500255
041 _aEnglish
082 _a105.23
_bHol
100 _aG. Holden
245 0 _aStarting an E- Commerce Business For Dummies
_cby G. Holden
250 _a2nd
260 _bIDG Books India
_aNew Delhi
_c2000
300 _a382
650 _aBE Computer
942 _cBK
999 _c914
_d914